Normal view
MARC view
Entry Topical Term
001 - CONTROL NUMBER
- control field: 20207
003 - CONTROL NUMBER IDENTIFIER
- control field: ARRUPE
005 - DATE AND TIME OF LATEST TRANSACTION
- control field: 20151009114738.0
008 - FIXED-LENGTH DATA ELEMENTS
- fixed length control field: 151009|| aca||aabn | a|a d
040 ## - CATALOGING SOURCE
- Original cataloging agency: ARRUPE
- Transcribing agency: ARRUPE
150 ## - HEADING--TOPICAL TERM
- Topical term or geographic name as entry element:
- Topical term following geographic name as entry element: Kierkegaard, S?ren, 1813-1855
670 ## - SOURCE DATA FOUND
- Source citation: Work cat.: (ARRUPE)35540: Nicolson, Harold 20206, Diaries and letters 1945-1962